书目信息 |
| 题名: |
计算机信息系统维护与维修
|
|
| 作者: | 文光斌 编著 | |
| 分册: | ||
| 出版信息: | 北京 清华大学出版社 2004.03 |
|
| 页数: | XIII, 385页 | |
| 开本: | 26cm | |
| 丛书名: | 高职高专计算机专业系列教材 | |
| 单 册: | ||
| 中图分类: | TP3 | |
| 科图分类: | ||
| 主题词: | 电子计算机--信息系统--维护--高等学校--教材 | |
| 电子资源: | ||
| ISBN: | 7-302-08065-8 | |
| 000 | 01012nam2 2200265 450 | |
| 001 | 0104845520 | |
| 005 | 20050906173631.48 | |
| 010 | @a7-302-08065-8@dCNY32.00 | |
| 100 | @a20040703d2004 km y0chiy0120 ea | |
| 101 | 0 | @achi |
| 102 | @aCN@b110000 | |
| 105 | @aa a 000yy | |
| 200 | 1 | @a计算机信息系统维护与维修@Aji suan ji xin xi xi tong wei hu yu wei xiu@f文光斌等编著@Fwen guang bin deng bian zhu |
| 210 | @a北京@c清华大学出版社@d2004.03 | |
| 215 | @aXIII, 385页@c图@d26cm | |
| 225 | 2 | @a高职高专计算机专业系列教材 |
| 320 | @a有书目。 | |
| 330 | @a本书讲述了计算机信息系统的基本知识、微型计算机系统硬件构成、微型计算机系统软件的安装、微型计算机硬件故障的检测与维修、微型计算机软件系统运行的故障与维护、计算机网络的维护与维修等。 | |
| 333 | @a教育部高职高专规划教材。 | |
| 410 | 0 | @12001 @a高职高专计算机专业系列教材 |
| 606 | 0 | @a电子计算机@x信息系统@x维护@x高等学校@j教材 |
| 690 | @aTP3@v4 | |
| 701 | 0 | @a文光斌@Awen guang bin@4编著 |
| 801 | 0 | @aCN@bQSSK@c20050906 |
| 905 | @a10447@dTP3@eW629 | |
| 计算机信息系统维护与维修/文光斌等编著.-北京:清华大学出版社,2004.03 |
| XIII, 385页:图;26cm.-(高职高专计算机专业系列教材) |
| 使用对象:教育部高职高专规划教材。 |
| ISBN 7-302-08065-8:CNY32.00 |
| 本书讲述了计算机信息系统的基本知识、微型计算机系统硬件构成、微型计算机系统软件的安装、微型计算机硬件故障的检测与维修、微型计算机软件系统运行的故障与维护、计算机网络的维护与维修等。 |
| ● |
| 相关链接 |
|
|
|
正题名:计算机信息系统维护与维修
索取号:TP3/W629
 
预约/预借
| 序号 | 登录号 | 条形码 | 馆藏地/架位号 | 状态 | 备注 |
| 1 | 561525 | 205615253 | 自科库301/301自科库 44排2列2层/ [索取号:TP3/W629] | 在馆 | |
| 2 | 561526 | 205615262 | 自科二线404/301自科库 100排1列6层/ [索取号:TP3/W629] | 在馆 | |
| 3 | 561527 | 205615271 | 自科库301/301自科库 44排2列2层/ [索取号:TP3/W629] | 在馆 |